Investovanie do akcií ropných spoločností bakalárska práca

Saved in:
Bibliographic Details
Main Author: Bizovský, František
Corporate Author: Národohospodárska fakulta EU. Katedra bankovníctva a medzinárodných financií
Other Authors: Árendáš, Peter, 1986-
Format: Book
Language:Slovak
Published: Bratislava 2013
Tags: Add Tag
No Tags, Be the first to tag this record!

MARC

LEADER 00000nbm a2200000 4500
001 0172425
005 20161109112051.1
041 0 |a slo 
044 |a SK 
245 1 0 |a Investovanie do akcií ropných spoločností  |b bakalárska práca  |c František Bizovský ; školiteľ: Peter Árendáš 
264 1 |a Bratislava  |c 2013 
300 |a 35 s. 
100 1 |a Bizovský, František 
700 1 |a Árendáš, Peter, 1986- 
710 2 |a Národohospodárska fakulta EU. Katedra bankovníctva a medzinárodných financií